Địa danh thành phố Đà Nẵng

Nội dung sách giới thiệu về phong tục, lễ hội, lịch sử của thành phố Đà Nẵng. Trong cuốn được sắp xếp các mục từ địa danh, ghi chép các địa danh mà các cuốn trước chưa thực hiện.

Guardat en:
Dades bibliogràfiques
Format: Llibre
Idioma:Undetermined
Publicat: Hà Nội Hội nhà văn 2016
Matèries:
Etiquetes: Afegir etiqueta
Sense etiquetes, Sigues el primer a etiquetar aquest registre!
Thư viện lưu trữ: Trung tâm Học liệu Trường Đại học Cần Thơ
LEADER 00863nam a2200193Ia 4500
001 CTU_226712
008 210402s9999 xx 000 0 und d
082 |a 915.97 
082 |b Đ301/Q.5 
245 0 |a Địa danh thành phố Đà Nẵng 
245 0 |c Võ Văn Hòe (sưu tầm, biên soạn) 
260 |a Hà Nội 
260 |b Hội nhà văn 
260 |c 2016 
520 |a Nội dung sách giới thiệu về phong tục, lễ hội, lịch sử của thành phố Đà Nẵng. Trong cuốn được sắp xếp các mục từ địa danh, ghi chép các địa danh mà các cuốn trước chưa thực hiện. 
650 |a Tên, địa danh,Names, geographical 
650 |z Việt Nam,Vietnam 
910 |b dqhieu 
980 |a Trung tâm Học liệu Trường Đại học Cần Thơ